Loading...
| Current Events | 1 | 20.00 | 100% | 100% | 0% |
| Fine Arts - Classical Music | 7 | 14.29 | 100% | 43% | 0% |
| Fine Arts - Other Fine Arts | 3 | 10.00 | 67% | 33% | 0% |
| Fine Arts - Painting and Sculpture | 5 | 8.00 | 80% | 0% | 0% |
| Geography | 1 | 20.00 | 100% | 100% | 0% |
| History - American History | 6 | 20.00 | 100% | 83% | 17% |
| History - European History | 2 | 10.00 | 100% | 0% | 0% |
| History - Other History | 5 | 14.00 | 100% | 20% | 20% |
| History - World History | 8 | 16.25 | 100% | 50% | 13% |
| Literature - American Literature | 6 | 10.00 | 67% | 33% | 0% |
| Literature - British Literature | 3 | 16.67 | 67% | 100% | 0% |
| Literature - European Literature | 4 | 15.00 | 100% | 50% | 0% |
| Literature - World Literature | 2 | 5.00 | 50% | 0% | 0% |
| Mythology | 4 | 17.50 | 100% | 50% | 25% |
| Other Academic | 2 | 20.00 | 100% | 100% | 0% |
| Philosophy | 6 | 11.67 | 83% | 33% | 0% |
| Pop Culture | 1 | 20.00 | 100% | 100% | 0% |
| Religion | 5 | 10.00 | 80% | 20% | 0% |
| Science - Biology | 4 | 15.00 | 75% | 50% | 25% |
| Science - Chemistry | 6 | 11.67 | 100% | 17% | 0% |
| Science - Other Science | 5 | 12.00 | 60% | 60% | 0% |
| Science - Physics | 4 | 5.00 | 50% | 0% | 0% |
| Social Science | 1 | 20.00 | 100% | 100% | 0% |